000 00422nam a2200157Ia 4500
008 210716s2009 xx 000 0 und d
020 _a9788126508808
041 _aeng
082 _a004.21 DENA
100 _aDennis, Alan;Wixom,Barbara, Haley;Roth, Roberta M.
245 _aSystem analysis design.
250 _a3
260 _aNew Delhi
_bWiley India
_c2009
300 _axx,555
650 _aSystem Analysis & Design
999 _c189286
_d189286